Vplyv daňovej reformy na kvalitu podnikateľského prostredia v Slovenskej republike

Významným faktorom ekonomického rozvoja je vytváranie vhodného podnikateľského prostredia. Ciele daňových reforiem. Daňové zaťaženie. Legislatívne zmeny a ich vplyv na podnikateľské prostredie. Ilustrácie vplyvu daňovej reformy na podnikateľské prostredie Prešovského samosprávneho kraja. Prínos refo...

Ausführliche Beschreibung

Gespeichert in:
Bibliographische Detailangaben
1. Verfasser: Lukáčová, Anna
Format: Buchkapitel
Sprache:Slowakisch
Schlagworte:
Tags: Tag hinzufügen
Keine Tags, Fügen Sie das erste Tag hinzu!

MARC

LEADER 00000naa$a2200000$$$4500
001 0059730
005 20220718124012.4
041 0 |a slo 
044 |a SK 
245 1 0 |a Vplyv daňovej reformy na kvalitu podnikateľského prostredia v Slovenskej republike  |c Anna Lukáčová 
520 |a Významným faktorom ekonomického rozvoja je vytváranie vhodného podnikateľského prostredia. Ciele daňových reforiem. Daňové zaťaženie. Legislatívne zmeny a ich vplyv na podnikateľské prostredie. Ilustrácie vplyvu daňovej reformy na podnikateľské prostredie Prešovského samosprávneho kraja. Prínos reforiem pre podnikateľské prostredie. 
610 2 0 |a prostredie podnikateľské 
610 2 0 |a reformy daňové 
610 2 0 |a systémy daňové 
610 2 0 |a zaťaženie daňové 
610 2 0 |a výnosy daňové 
610 2 0 |a legislatíva 
610 2 0 |a kraje 
100 1 |a Lukáčová, Anna